<?xml version="1.0" encoding="UTF-8"?>
<record
    xmlns:xsi="http://www.w3.org/2001/XMLSchema-instance"
    xsi:schemaLocation="http://www.loc.gov/MARC21/slim http://www.loc.gov/standards/marcxml/schema/MARC21slim.xsd"
    xmlns="http://www.loc.gov/MARC21/slim">

  <leader>00513nam a2200217   4500</leader>
  <controlfield tag="001">33836</controlfield>
  <datafield tag="010" ind1=" " ind2=" ">
    <subfield code="a">9789898327727</subfield>
  </datafield>
  <datafield tag="021" ind1=" " ind2=" ">
    <subfield code="a">PT</subfield>
  </datafield>
  <datafield tag="090" ind1=" " ind2=" ">
    <subfield code="a">33836</subfield>
  </datafield>
  <datafield tag="100" ind1=" " ind2=" ">
    <subfield code="a">20211012              frey50       </subfield>
  </datafield>
  <datafield tag="101" ind1=" " ind2=" ">
    <subfield code="a">por</subfield>
  </datafield>
  <datafield tag="102" ind1=" " ind2=" ">
    <subfield code="a">PT</subfield>
  </datafield>
  <datafield tag="200" ind1=" " ind2=" ">
    <subfield code="a">Estranhas Criaturas</subfield>
    <subfield code="f">Cristina Sitja Rubio</subfield>
  </datafield>
  <datafield tag="205" ind1=" " ind2=" ">
    <subfield code="a">1.&#xAA; Edi&#xE7;&#xE3;o</subfield>
  </datafield>
  <datafield tag="210" ind1=" " ind2=" ">
    <subfield code="a">Lisboa</subfield>
    <subfield code="c">Orfeu Negro</subfield>
    <subfield code="d">2016</subfield>
  </datafield>
  <datafield tag="215" ind1=" " ind2=" ">
    <subfield code="a">[43] p.</subfield>
    <subfield code="d">33 cm</subfield>
  </datafield>
  <datafield tag="700" ind1=" " ind2=" ">
    <subfield code="4">070</subfield>
    <subfield code="a">Rubio</subfield>
    <subfield code="b">Cristina Sitja</subfield>
  </datafield>
  <datafield tag="701" ind1=" " ind2=" ">
    <subfield code="4">730</subfield>
    <subfield code="a">Afonso</subfield>
    <subfield code="b">Maria</subfield>
  </datafield>
  <datafield tag="801" ind1=" " ind2=" ">
    <subfield code="a">PT</subfield>
    <subfield code="g">RPC</subfield>
  </datafield>
  <datafield tag="990" ind1=" " ind2=" ">
    <subfield code="c">LIVROS</subfield>
  </datafield>
  <datafield tag="994" ind1=" " ind2=" ">
    <subfield code="a">COMP</subfield>
  </datafield>
  <datafield tag="995" ind1=" " ind2=" ">
    <subfield code="0">0</subfield>
    <subfield code="1">0</subfield>
    <subfield code="9">47055</subfield>
    <subfield code="b">EBSIS</subfield>
    <subfield code="d">EBSIS</subfield>
    <subfield code="f">7798</subfield>
    <subfield code="k">087.5 RUB</subfield>
    <subfield code="o">0</subfield>
    <subfield code="r">LIVROS</subfield>
  </datafield>
</record>
